| 000 | 01535cam a2200361 i 4500 | ||
|---|---|---|---|
| 001 | 24652 | ||
| 003 | Mx-PuUPA | ||
| 005 | 20251015134301.0 | ||
| 008 | 140415s2017 mx d gr 000 0 spa d | ||
| 020 | _a9786077652885 | ||
| 040 |
_cMx-PuUPA _aMx-PuUPA _bspa _dMx-PuUPA _erda |
||
| 041 | 0 | _aspa | |
| 043 | _acl----- | ||
| 245 | 0 | 0 |
_aCLAEP en la formación del campo de la comunicación y el periodismo en América Latina / _cMaría Antonieta Rebeil Corella, Carlos Cienfuegos Alvarado, Rebeca Illiana Arévalo Martínez, coordinadores |
| 250 | _aPrimera edición | ||
| 264 | 1 |
_aHuixquilucan, Edo. de México : _bUniversidad Anahuac, _c©2017 |
|
| 300 |
_a222 páginas : _bilustraciones, gráficas, tablas ; _c23 cm |
||
| 336 |
_2rdacontent _atexto _btxt |
||
| 337 |
_2rdamedia _asin medio _bn |
||
| 338 |
_2rdacarrier _avolumen _bnc |
||
| 500 | _a"Facultad de Comunicación". -- Anteportada | ||
| 650 | 7 |
_2armarc _aPeriodismo _x _zAmérica Latina |
|
| 650 | 7 |
_2armarc _aPeriodistas _zAmérica Latina |
|
| 650 | 7 |
_2armarc _aPeriodismo _xEstudio y enseñanza _zAmérica Latina |
|
| 650 | 7 |
_2armarc _aPeriodismo _xAspectos políticos _zAmérica Latina |
|
| 700 | 1 |
_aRebeil Corella, María Antonieta, _ecoordinador _92581 |
|
| 700 | 1 |
_aCienfuegos Alvarado, Carlos, _ecoordinador |
|
| 700 | 1 |
_aArévalo Martínez, Rebeca Illiana, _ecoordinador |
|
| 942 |
_2ddc _cLI _h079.8 _iC55 |
||
| 999 |
_c24652 _d24652 |
||